000
00216nam a22000857a 4500
999
_c
11100
_d
11100
008
180829b ||||| |||| 00| 0 eng d
100
_a
Melville's Herman
_9
6867
245
_a
Moby Dick
260
_a
New Delhi
_b
Campfire
_c
2016